00277nam a2200133Ia 45000030006000000080041000060400015000471000020000622450013000822500010000952600009001055460012001140050017001260STCL150530s9999 xx 000 0 und d aSTCLcSTCL aWodehouse, P.G. aGold Bat aFirst c1982 aEnglish20220125170629.0